| 000 | 00640nam a2200181 a 4500 | ||
|---|---|---|---|
| 005 | 20140412111247.0 | ||
| 008 | 001207s19uu xx 00 eng d | ||
| 050 |
_aER _bDo65Dr |
||
| 100 | _aPayne, Colleen | ||
| 245 |
_aThe Dolphin Dream / _cwritten and illustrated by Colleen Payne. |
||
| 260 |
_a[s.l.] : _bBlue Banana Books Ltd, _c[n.d.] |
||
| 300 | _a1 v. (unp.) ; ill. | ||
| 440 | _aThe Little Dolphin Story Collection | ||
| 520 | _aThe pirates held on to poor Sonar. Poor Sonar was frigthened. He wondered what they would do with him. | ||
| 650 |
_aUnderwater animals _xFiction |
||
| 650 | _aChildren stories | ||
| 999 |
_c102961 _d102961 |
||